Pengalaman berharga

Bibliographic Details
Main Author: Mohamad Sobri bin Jaafar
Corporate Author: Title
Format: Book
Published: Selangor : Hasrat Murni , 2005
Series:Siri seikhlas budi
Subjects:

MARC

LEADER 00000cam a2200000 7i4500
001 0000000973
005 20151222.0
008 070703
020 |a 9830602524 
020 |a 9830602540(set) 
090 0 0 |a JF   |b MAL (42) 
100 0 |a Mohamad Sobri bin Jaafar 
245 1 0 |a Pengalaman berharga   |c Mohamad Sobri bin Jaafar 
260 |a Selangor :   |b Hasrat Murni ,   |c 2005 
440 |a Siri seikhlas budi 
500 |a Children ages 7-9 years old (orange) 
650 0 |a Junior fiction   |x Malay   |x Languages 
710 0 |a Title 
999 |a 0000919719   |b Book   |c Children Collection   |e Cawangan Bukit Gambir 
999 |a 0000919720   |b Book   |c Children Collection   |e Cawangan Bukit Gambir 
999 |a 0000919721   |b Book   |c Children Collection   |e Cawangan Bukit Gambir 
999 |a 0000927858   |b Book   |c Children Collection   |e Cawangan Tangkak 
999 |a 0000927859   |b Book   |c Children Collection   |e Cawangan Tangkak 
999 |a 0000927860   |b Book   |c Children Collection   |e Cawangan Tangkak 
999 |a 0000957040   |b Book   |c Children Collection   |e Cawangan Kota Tinggi 
999 |a 0000957041   |b Book   |c Children Collection   |e Perbadanan Perpustakaan Awam Johor 
999 |a 0000957042   |b Book   |c Children Collection   |e Cawangan Bandar Penawar 
999 |a 0000957051   |b Book   |c Children Collection   |e Cawangan Sri Merlong 
999 |a 0000957053   |b Book   |c Children Collection   |e Perbadanan Perpustakaan Awam Johor 
999 |a 0001054891   |b Book   |c Children Collection   |e Cawangan Segamat 
999 |a 0001054892   |b Book   |c Children Collection   |e Cawangan Bukit Gambir